| 000 | 01306cam a22003735a 4500 | ||
|---|---|---|---|
| 001 | 017559353 | ||
| 003 | EG-ScBUE | ||
| 005 | 20241117093607.0 | ||
| 008 | 150921t2016 enka f b 001 0 eng d | ||
| 020 | _a9781292101637 (paperback) | ||
| 020 | _a1292101636 (paperback) | ||
| 040 |
_aStDuBDS _beng _erda _cStDuBDS _dUk _dEG-ScBUE |
||
| 082 | 0 | 4 |
_a519.5 _222 _bDEV |
| 100 | 1 |
_aDe Veaux, Richard D., _eauthor. _912741 |
|
| 245 | 1 | 0 |
_aStats : _bdata and models / _cRichard D. De Veaux, Williams College, Paul F. Velleman, Cornell University, David E. Bock, Cornell University. |
| 250 | _aFourth edition. | ||
| 250 | _aGlobal edition. | ||
| 264 | 1 |
_aHarlow, England : _bPearson Education Limited, _c[2016] |
|
| 264 | 4 | _cc2016 | |
| 300 |
_a1 volume (various pagings) : _billustrations ; _c28 cm |
||
| 336 |
_2rdacontent _atext _btxt |
||
| 337 |
_aunmediated _2rdamedia _bn |
||
| 338 |
_avolume _bnc _2rdacarrier |
||
| 500 | _aPrevious edition : 2014. | ||
| 504 | _aIncludes bibliographical references and index. | ||
| 650 | 7 |
_aStatistics. _2BUEsh _92829 |
|
| 650 | 7 |
_aMathematical statistics. _97173 _2BUEsh |
|
| 651 | _2BUEsh | ||
| 653 |
_bCOMSCI _cMay2016 |
||
| 655 | _vReading book | ||
| 700 | 1 |
_aVelleman, Paul F., _d1949- _eauthor. _912742 |
|
| 700 | 1 |
_aBock, David E., _eauthor. |
|
| 942 |
_2ddc _cBB |
||
| 999 |
_c21714 _d21686 |
||